000 00299nam a22001337a 4500
008 170809b xxu||||| |||| 00| 0 eng d
020 _a563180
041 _aeng
080 _a004
100 _a35
101 _aSHKI
245 _aMODEL THEORY AND ITS APPLICATIONS
_cKOPPERMAN, R
942 _2udc
_cBK
999 _c23050
_d23050